Catálogo

PROGRAMAS DE AUDITORIA (Registro nro. 21712)

Detalles MARC
000 -LEADER
fixed length control field 00459nam a2200181 a 4500
001 - CONTROL NUMBER
control field 21712
005 - DATE AND TIME OF LATEST TRANSACTION
control field 20180713215515.0
008 - FIXED-LENGTH DATA ELEMENTS--GENERAL INFORMATION
fixed length control field 140415s1996 000 0 spa d
020 ## - INTERNATIONAL STANDARD BOOK NUMBER
International Standard Book Number 9686317686
041 ## - LANGUAGE CODE
Language code of text/sound track or separate title spa
082 ## - DEWEY DECIMAL CLASSIFICATION NUMBER
Classification number 657.45
Item number SAN
100 1# - MAIN ENTRY--PERSONAL NAME
Personal name SANCHEZ ALARCON, FRANCISCO JAVIER
245 10 - TITLE STATEMENT
Title PROGRAMAS DE AUDITORIA
250 ## - EDITION STATEMENT
Edition statement 8a ed.
260 ## - PUBLICATION, DISTRIBUTION, ETC.
Place of publication, distribution, etc. [s.l.] :
Name of publisher, distributor, etc. ECASA,
Date of publication, distribution, etc. 1996
300 ## - PHYSICAL DESCRIPTION
Extent 232
650 14 - SUBJECT ADDED ENTRY--TOPICAL TERM
Topical term or geographic name entry element AUDITORIA
General subdivision PROGRAMAS
Existencias
Withdrawn status Lost status Source of classification or shelving scheme Damaged status Not for loan Collection code Home library Current library Shelving location Date acquired Source of acquisition Total Checkouts Full call number Barcode Price effective from Koha item type Inventory number Date last seen Date last checked out
    Dewey Decimal Classification     General Biblioteca Karol Wojtyla Biblioteca Karol Wojtyla Sala general 03/12/2013 Compra   657.45 SAN 42082 03/12/2013 Libro 151000000000000000021185 05/01/2026 17/11/2015
Descarte   Dewey Decimal Classification     General Tehuacán Tehuacán Sala general 03/12/2013 Compra   657.45 SAN 502304 03/12/2013 Libro